000 02447cam a22005414i 4500
003 PE-LiUPU
005 20250731173304.0
008 150616s1984 sp rb 001 0 spa d
020 _a8470202022
035 _a(Sirsi) i9788470202025
040 _aPE-LiUPU
_bspa
_cPE-LiUPU
_erda
049 _aPRUA
082 0 4 _b2
_221
100 1 _aHernandez, Francisco Martín,
_eautor.
245 1 3 _aLa iglesia en la historia.
_n2.
264 1 _aMadrid :
_bSociedad de Educación Atenas,
_c1984].
300 _a365 páginas :
_bilustraciones ;
_c21 centímetros.
336 _atext
_2rdacontent
337 _aunmediated
_2rdamedia
338 _avolume
_2rdacarrier
490 0 _aSíntesis ;
_v7/2
504 _aBibliografía : páginas 335-348.
504 _aÍndice : páginas 349-365.
505 0 _aLa edad nueva -- Crisis en la iglesia -- Raíces en la reforma -- Principios de la reforma católica -- La reforma protestante -- En el área del protestantismo -- ¿Reforma católica o contrarreforma? -- La restauración católica -- Crisis en la sociedad europea -- De la ilustración a la revolución -- El reencuentro con Roma -- Aires de renovación -- Apostolado de masas -- La crisis de finales y principios de siglo -- La iglesia frente a los totalitarismos -- La iglesia de nuestros días.
526 _aSEG42
526 _aSEG41
526 _aSEG40
526 _aSEG39
526 _aP94
526 _aP87
526 _aP86
526 _aP85
526 _aP77
526 _aP76
526 _aP35
650 0 4 _aIglesia - Historia.
650 0 4 _aChurch - History.
910 _ajck
_bjvq
_cjck
942 _2ddc
_cBOOK
949 _a270 M26 2
_wDEWEY
_c1
_i28175
_lCCODEBUL1
_mBUL
_r0
_sY
_tBOOK
_u2015-4-23
_xTEOLOGIA
_zUNKNOWN
_0COMPRA
_o.STAFF. Colección General.
949 _a270 M26 2
_wDEWEY
_c2
_i27631
_lCCODEBUL1
_mBUL
_r0
_sY
_tBOOK
_u2015-4-23
_xTEOLOGIA
_zUNKNOWN
_0COMPRA
_o.STAFF. Colección General.
994 _aC0
_bPEPRU
596 _a1
999 _a270 M26 2
_wDEWEY
_c44468
_i28175
_d44468
_f2021-11-11
_g6
_lCCODEBUL1
_mBUL
_q9
_r0
_sY
_tBOOK
_u2015-4-23
_xTEOLOGIA
_zUNKNOWN
_0COMPRA
_o.STAFF. Colección General
999 _a270 M26 2
_wDEWEY
_c2
_i27631
_d2018-11-5
_e2017-10-15
_f2021-11-12
_g7
_lCCODEBUL1
_mBUL
_n3
_q4
_r0
_sY
_tBOOK
_u2015-4-23
_xTEOLOGIA
_zUNKNOWN
_0COMPRA
_o.STAFF. Colección General
980 _81
_gALBERTO SANCHEZ Responsable de Automatización